| 000 | 00649cab a2200217 4500 | ||
|---|---|---|---|
| 001 | WB3214-20 | ||
| 008 | 090401t1996 xxu||||| |||| 00| 0 eng d | ||
| 035 | _a(Sirsi) u64705 | ||
| 041 | _aeng | ||
| 245 | _aHITS given a miss | ||
| 260 | _c1996 | ||
| 350 | _a0 | ||
| 490 |
_aBuilding _v261(7934) 29 March 1996, 10(1) |
||
| 520 | _aThe formation of housing investment trusts are being held up by uncertainty over taxation and stock exchange rules. | ||
| 650 | _aHOUSING INVESTMENT TRUSTS | ||
| 650 | _aPRIVATE RENTED SECTOR | ||
| 690 | _aPROPERTY-PROPERTY FINANCE AND INVESTMENT | ||
| 690 | _aHOUSING | ||
| 942 | _n0 | ||
| 948 | _c04/03/1997 | ||
| 999 |
_c40313 _d40313 |
||